| 000 | 00540nam a2200181 a 4500 | ||
|---|---|---|---|
| 005 | 20240808063819.0 | ||
| 008 | 991125s1970 mx 000 0 spa u | ||
| 035 | _aUPN01000043946 | ||
| 049 | _aCG | ||
| 050 | 4 |
_aS539 A2 _bC83 |
|
| 100 | 1 | _aCuesta Marín, Antonio | |
| 245 | 1 | 0 |
_aPedagogía de masas : _bensayos agronómicos / _cAntonio Cuesta Marín. |
| 260 |
_aMéxico : _bUACH, _c[197?]. |
||
| 300 | _a244 p. | ||
| 650 | 2 |
_aAgricultura _xInvestigación _zMéxico _92015 |
|
| 650 | 4 |
_aEducación agrícola _zMéxico _914686 |
|
| 905 | _aLibro | ||
| 999 |
_c43946 _d43946 |
||